000 00301nam a22001337a 4500
008 170713b xxu||||| |||| 00| 0 eng d
020 _a9024733480
041 _aeng
080 _a1(091)
100 _a24
101 _aFIL
245 _aA HISTORY OF WOMEN PHILOSOPHERS
_cWAITHE,M.E
942 _2udc
_cBK
999 _c20626
_d20626